Vampire Survivors Quiz - Statistics

General Stats
  • This quiz has been taken 32 times
  • The average score is 8 of 12
Answer Stats
Hint Answer % Correct
Inlaid _____? Library
85%
This weapon evolves Into "Death Spiral" Axe
77%
Mad ______? Forest
77%
_____ Tower? Gallo
77%
Which item increases damage? Spinach
73%
Who is obtained for "Settling the Score with the Reaper" Mask of the Red Death
69%
_____ Plant? Dairy
65%
Cappella ____? Magna
65%
What allows you to see the Rings and Metaglios? Yellow Sign
65%
Evolution of Clock Lance? Infinite Corridor
62%
Gift of Victory Sword and Torrona's Box? Sole Solution
35%
Alternate Forms of Phiera Der Tuphello OR Eight The Sparrow? Red Muscle or Twice Upon A Time
27%
No matching quizzes found
Score Distribution
Percent of People with Each Score
Percentile by Number Answered
Your Score History
You have not taken this quiz